Kontakty gdyńskich działaczy robotniczych z gdańskimi socjaldemokratami w okresie hitleryzacji Wolnego Miasta Gdańska

Titel: Kontakty gdyńskich działaczy robotniczych z gdańskimi socjaldemokratami w okresie hitleryzacji Wolnego Miasta Gdańska
Verfasser:
In: Rocznik Gdyński, Band 4 (1983), Seite 27-29
alle Artikel anzeigen
Veröffentlicht: 1983 [1984]
Format: Aufsatz
Sprache: Polnisch
Kein Bild verfügbar
X
alg: 39193127
001A    $01999:11-11-16 
001B    $01999:26-04-21 $t20:13:13.000 
001D    $01999:11-11-16 
001U    $0utf8 
001X    $00 
002@    $0Aox 
003@    $039193127X 
007A    $039193127X $aHEB 
007T    $0Herd22114 
010@    $apol 
011@    $a1983 $n1983 [1984] 
021A    $aKontakty gdyńskich działaczy robotniczych z gdańskimi socjaldemokratami w okresie hitleryzacji Wolnego Miasta Gdańska 
027A    $aDie Kontakte von Gdingener Arbeitervertretern mit Danziger Sozialdemokraten in der Zeit der Faschisierung der Freien Stadt Danzig 
028A    $7115370897 $8Andrzejewski, Marek$Z1947- [Tp1] $9149587996 
031A    $d4 $h27-29 $j1983 
039B    $aIn $8--Abvc--. Rocznik Gdyński. - Gdynia, 1978-. - ISSN 0137-4044 $x198300000040000973 $9090559797 
045F    $a909 $eDDC23BSB 
045F/01 $a909 
045F/03 $g4382 
045F/03 $g43832 
046C    $aDie Kontakte von Gdingener Arbeitervertretern mit Danziger Sozialdemokraten in der Zeit der Faschisierung der Freien Stadt Danzig $bÜbers. des Hauptsacht. 

lok: 39193127 78

exp: 39193127 78 1 #EPN
201B/01 $026-06-18 $t22:53:12.000 
201U/01 $0utf8 
203@/01 $0788027107 
208@/01 $a11-11-16 $be 
209A/01 $a/ $f000 $x00 
220C/01 $aTitelaufnehmer: kl 
244Z/01 $2Trx $#Prusy Wschodnie i Zachodnie $8--Trx--Ost- und Westpreußen $x01 $939113373X 
244Z/01 $#Gdynia $#Gdingen $#Gotenhafen $#Gdingen Gdynia $72011183-6 $8--Tg1--Gdynia $x02 $9042666600 
244Z/01 $2Trx $#Gdańsk Wolne Miasto $#Freie Stadt Danzig;Freistaat Danzig $#Wolne Miasto Gdańsk $8--Trx--Danzig$gFreie Stadt $x03 $9391308149 
244Z/01 $2Trx $#tööjõu liikumine $#darbininkų judėjimas $#worker's movement $#munkásmozgalom $#ruch robotniczy $#robotnícke hnutie $#hnutí dělnické $8--Trx--Arbeiterbewegung $x04 $9391367072 
244Z/01 $2Trx $#sotsiaaldemokraadid $#socialdemokratai $#social democrats $#szociáldemokraták $#socjaldemokraci $#sociálni demokrati $#sociální demokraté $8--Trx--Sozialdemokraten $x05 $939135826X 
244Z/01 $2Trx $8--Trx--Zeitschriftenaufsatz $x06 $9391384341 
245Z/01 $a13.03 $x01 
245Z/01 $a07.03 $x02 
247C/01 $82080>Marburg/Lahn, Herder-Institut, Forschungsbibliothek, Bibliographieportal $9336309341
LEADER 00000caa a22000002c 4500
001 39193127X
003 DE-603
005 20210426201313.0
007 tu
008 161111s1983 xx |||| | u00||u|pol c
035 |a (DE-599)HEB39193127X 
040 |a DE-603  |b ger  |c DE-603  |d DE-603 
041 |a pol 
082 0 4 |8 1\u  |a 909  |q DE-101  |2 23/BSB 
085 |8 1\u  |b 909 
085 |8 1\u  |z 2  |s 4382 
085 |8 1\u  |z 2  |s 43832 
100 1 |a Andrzejewski, Marek  |d 1947-  |0 (DE-603)149587996  |0 (DE-588)115370897  |2 gnd 
245 0 0 |a Kontakty gdyńskich działaczy robotniczych z gdańskimi socjaldemokratami w okresie hitleryzacji Wolnego Miasta Gdańska 
246 1 |i Übers. des Hauptsacht.  |a Die Kontakte von Gdingener Arbeitervertretern mit Danziger Sozialdemokraten in der Zeit der Faschisierung der Freien Stadt Danzig 
246 1 3 |a Die Kontakte von Gdingener Arbeitervertretern mit Danziger Sozialdemokraten in der Zeit der Faschisierung der Freien Stadt Danzig 
264 0 |c 1983 [1984] 
773 0 8 |i In  |t Rocznik Gdyński  |d Gdynia, 1978-  |x 0137-4044  |g Band 4 (1983), Seite 27-29  |w (DE-603)090559797  |w (DE-600)2008589-8 
924 0 |9 2080  |a (DE-603)788027107  |b DE-2080  |c HES  |d d  |g /